000 006880000a22002290004500
003 LK-CoMWRAF
005 20230828115605.0
008 230817t1982 ||||| |||| 00| 0 eng d
020 _a0862320631
040 _aLK-CoMWRAF
_dLK-CoMWRAF
_eLK-CoMWRAF
041 _aeng
082 _a306.85
_bMIN
100 _aMinces, Juliette
242 _aLa femme dans le monde arabe
245 _aThe House of obedience:
_bwomen in Arab society
260 _aLondon:
_bZed Press,
_c1982
300 _a114 p. ; 23 cm.
_bBibliography included
490 _aWomen in the Third World series
650 _aWomen -Arab countries -Social conditions
700 _aPallis, Michael
_etrans.
942 _cBK
999 _c1403
_d1403